000 00522nam a2200145 a 4500
001 000031066
005 20200930062701.0
008 110613s1940 dr 000 0 spa d
040 _aDO-SdBNP
_bspa
_cBNPHU
110 1 _aRepública Dominicana
_bSecretaría de Estado de comunicanciones
_957544
245 1 0 _aReglamento interior y reglamento para el regimen interior de la Secretaría de Estado de comunicaciones.
260 _aSanto Domingo :
_bImp. J. R. vda. García,
_c1940.
300 _a18 p. ;
_c23 cm.
049 _aBNPD
999 _c30558
_d30558